Normal view
MARC view
Entry Geographic Name
001 - CONTROL NUMBER
- control field: 11965
003 - CONTROL NUMBER IDENTIFIER
- control field: BD-RjUL
005 - DATE AND TIME OF LATEST TRANSACTION
- control field: 20240229094538.0
008 - FIXED-LENGTH DATA ELEMENTS
- fixed length control field: 240229|| aca||aabn | a|a d
040 ## - CATALOGING SOURCE
- Original cataloging agency: BD-RjUL
- Transcribing agency: BD-RjUL
151 ## - HEADING--GEOGRAPHIC NAME
- Geographic name: Kuwait
- General subdivision: Economic policy
- Form subdivision: Directories
670 ## - SOURCE DATA FOUND
- Source citation: Work cat.: (BD-RjUL)83182: دليل الكويت : دليل شامل عن دولة الكويت / Dalīl al-Kuwayt : dalīl shāmil ʻan dawlat al-Kuwayt , 1964